|
|
|
|
| LEADER |
00000nab a2200000 a 4500 |
| 001 |
vtls008627408 |
| 003 |
SK-MaSNL |
| 005 |
20260304134438.0 |
| 008 |
250505c2005 xo zr|p|||||||000 b|slo |
| 015 |
|
|
|a SNBRB2006/03
|2 snkbucl
|
| 035 |
|
|
|a (uuid)40a69573-24a4-432e-8024-0648cc458796
|
| 035 |
|
|
|a urn:nbn:sk:snk-abwqf
|
| 035 |
|
|
|a (urnnbn)urn:nbn:sk:snk:ar-a04x2j
|
| 038 |
|
|
|a SNKBUCL
|
| 040 |
|
|
|a SNKBUCL
|b slo
|c SNKBUCL
|e AACR2
|
| 041 |
0 |
|
|a slo
|
| 044 |
|
|
|a xo
|c SK
|
| 080 |
|
|
|a 523.64-424:629.785
|2 1997
|
| 080 |
|
|
|a 520.6.07
|2 1997
|
| 080 |
|
|
|a 520.8
|2 1997
|
| 100 |
1 |
|
|a Svoreň, Ján,
|d 1949-
|4 aut
|9 118177
|
| 245 |
1 |
0 |
|a Projekt a prvé výsledky sondy Deep Impact
|c Ján Svoreň
|
| 300 |
|
|
|b Fotogr.
|
| 610 |
2 |
7 |
|a Deep Impact (kozmická sonda)
|2 snkbucl
|9 1452360
|
| 650 |
0 |
7 |
|a kométy
|2 snkbucl
|9 2408
|
| 650 |
0 |
7 |
|a zrážky (astronómia)
|2 snkbucl
|9 1051755
|
| 650 |
0 |
7 |
|a kozmické sondy
|2 snkbucl
|9 28924
|
| 773 |
0 |
|
|t Kozmos
|g Roč. XXXVI, č. 5 (2005), s. 5-7
|x 0323-049X
|
| 850 |
|
|
|a Slovenská národná knižnica
|
| 852 |
|
|
|a Slovenská národná knižnica
|
| 954 |
|
|
|a odborná, vedecká literatúra pôvodná (slovenská)
|2 lita
|
| 957 |
|
|
|a 9P/Tempel 1 (kométa)
|
| 958 |
|
|
|a article27
|
| 958 |
|
|
|a OND
|
| 958 |
|
|
|a EUIPO
|
| 999 |
|
|
|c 2906862
|d 2908792
|